000 01410namaa22003251i 4500
005 20260408125246.0
008 260124s1997 ua a|||fr|m|| 000 0 eng d
040 _aEG-GICUC
_beng
_cEG-GICUC
_dEG-GICUC
_erda
041 0 _aeng
_beng
_bara
049 _aDeposit
097 _aPh.D
099 _aCai01.12.20.Ph.D.1997.Ho.A
100 0 _aHoda Mohamed Farid Abou Shady ,
_epreparation.
245 1 0 _aApplication of the eikonal expansion and glauber theory to nuclear reactions /
_cBy Hoda Mohamed Farid Abou Shady ; Supervised Prof.Dr. M.Y.M. Hassan, Prof.Dr. M.Y.Ismail , Dr. M.Ossman
246 1 5 _aتطبيق المفكوك الايكونى ونظرية جلوبر لحساب التفاعلات النووية
264 0 _c1997.
300 _a159 Leaves :
_billustrations ;
_c30 cm. +
336 _2rda content
_atext
337 _2rdamedia
_aUnmediated
338 _2rdacarrier
_avolume
502 _aThesis (Ph.D)-Cairo University,1997
504 _aBibliography: pages 152 : 159
653 0 _aApplication of the eikonal
_anuclear reactions
_aexpansion and glauber theory
700 0 _aM.Y.M. Hassan
_ethesis advisor.
700 0 _aM.Y.Ismail
_ethesis advisor.
700 0 _aM.Ossman
_ethesis advisor.
900 _DDepartment of Physics
_FFaculty of Science
_UCairo University
_b1997
_cM.Y.M. Hassan
_cM.Y.Ismail
_cM.Ossman
_dM.Y.M. Hassan
905 _aNagat
_eNourhan
942 _2ddc
_cTH
_e21
_n0
999 _c177978